000 00591nam a2200217Ii 4500
003 JO-AjNU
008 230606s9999||||xx |||||||||||||| ||und||
020 _a978-0-534-94854-2
040 _aJO-AjNU
_beng
_erda
_cJO-AjNU
041 _aeng
050 1 4 _aQA551.R48.1996
100 3 _aRiddle,Douglas f,
_eauthor
_94785
245 0 0 _aAnalytical Geometry
250 _a6 ed
264 3 1 _aAustralia:Brooks ,1996
300 _a472p
336 _atext
_btxt
_2rdacontent
337 _aunmediated
_bn
_2rdamedia
338 _avolume
_bnc
_2rdacarrier
650 4 _a Geometry, Analytic. 
_94786
999 _aE2478
_c2476
_d2476